Normal view
MARC view
Entry Personal Name
001 - CONTROL NUMBER
- control field: 1239901
003 - CONTROL NUMBER IDENTIFIER
- control field: OSt
005 - DATE AND TIME OF LATEST TRANSACTION
- control field: 20260514122652.0
008 - FIXED-LENGTH DATA ELEMENTS
- fixed length control field: 260514|| aca||aabn | a|a d
040 ## - CATALOGING SOURCE
- Original cataloging agency: OSt
- Transcribing agency: OSt
100 ## - HEADING--PERSONAL NAME
- Personal name: Sikdar Dr.Satyajit
670 ## - SOURCE DATA FOUND
- Source citation: Work cat.: (OSt)1851603: Sikdar Dr.Satyajit , Postsurgical and Functional Outcome of Anatomically Stratified Protocol-Based Management of Hypospadias in Children.
